Die Pflicht /

Hlavní autor: Winder, Ludwig, 1889-1946
Jazyk: Němčina
Vydáno: Berlin : Volk und Welt, 1949
Fyzický popis: 174 stran
Knihy
Uloženo v:
LEADER 00679nam a22002292i 4500
001 001471511
003 CZ BrMZK
005 20150709085402.0
007 ta
008 150520s1949 gw er|||||||||||ger d
040 |a BOA001  |b cze  |e rda 
100 1 |a Winder, Ludwig,  |d 1889-1946  |7 jk01151699  |4 aut 
245 1 4 |a Die Pflicht /  |c Ludwig Winder 
264 1 |a Berlin :  |b Volk und Welt,  |c 1949 
300 |a 174 stran 
336 |a text  |b txt  |2 rdacontent 
337 |a bez média  |b n  |2 rdamedia 
338 |a svazek  |b nc  |2 rdacarrier 
910 |a BOA001  |b 2-0295.006 
990 |a BK 
991 |b 201505 
996 7 |b 2619162465  |c 2-0295.006  |l MZK  |r Sklad / do 24 hodin  |n 3  |w 001506565  |u 000010  |a 1  |e BOA001  |j MZK50  |s A